| 000 | 00562nam a22001817a 4500 | ||
|---|---|---|---|
| 999 |
_c184474 _d184474 |
||
| 005 | 20220120163107.0 | ||
| 010 | _aENG-131285 | ||
| 020 |
_a978-93-5322-883-5 _c325.00 |
||
| 035 | _aEN-114817 | ||
| 037 | _bDBAD | ||
| 082 | _a808.88 | ||
| 100 | _aRamaswamy, B. | ||
| 245 |
_aEssays: _cB. Ramaswamy _bFor Civil Services Examinations/ |
||
| 260 |
_aNew Delhi _bPrabhat Exam _c2022 |
||
| 270 |
_bNew Delhi _a4/19, Asaf Ali Road _e110002 _k23289555, 23289666 _mprabhatbook@gmail.com |
||
| 300 |
_a414p. _c24cm(pbk) |
||
| 942 |
_2ddc _cEN _h808.88 _mRAM |
||